Sports Quiz

Random Sports or NFL Quiz
Score 0/96 Timer 06:00
3 Plays Today
% Correct
Jerry Rice
94.8%
Jerry Rice
94.8%
Jerry Rice
94.8%
Jerry Rice
94.8%
Jerry Rice
94.8%
Jerry Rice
94.8%
Jerry Rice
94.8%
Jerry Rice
94.8%
Jerry Rice
94.8%
Jerry Rice
94.8%
Jerry Rice
94.8%
Randy Moss
94.7%
Randy Moss
94.7%
Randy Moss
94.7%
Randy Moss
94.7%
Randy Moss
94.5%
Calvin Johnson
93.3%
Andre Johnson
93%
Andre Johnson
93%
Andre Johnson
92.6%
Andre Johnson
92.6%
Antonio Brown
89.2%
Antonio Brown
88.9%
Tim Brown
86.2%
Tim Brown
86.2%
Tim Brown
86.2%
Tim Brown
86.2%
Tim Brown
86.2%
Larry Fitzgerald
85.8%
Calvin Johnson
84.2%
Marvin Harrison
84%
Marvin Harrison
84%
% Correct
Marvin Harrison
84%
Marvin Harrison
84%
Calvin Johnson
81.7%
Jimmy Smith
79.8%
Jimmy Smith
79.8%
Jimmy Smith
79.8%
Rod Smith
79.7%
Torry Holt
78.6%
Torry Holt
78.6%
Julio Jones
77.5%
Josh Gordon
76.6%
Michael Irvin
75.9%
Michael Irvin
75.9%
Mike Evans
75.5%
Brandon Marshall
74.6%
Isaac Bruce
74.4%
Josh Gordon
73.4%
Demaryius Thomas
72.7%
Wes Welker
72%
Sammy Watkins
70.2%
Odell Beckham
69.5%
Terrell Owens
69%
Terrell Owens
69%
Keenan Allen
65.9%
Cris Carter
65.4%
Reggie Wayne
65.3%
Jordy Nelson
65.2%
Victor Cruz
65%
Rob Gronkowski
61.6%
Alshon Jeffery
60.8%
Tony Gonzalez
60.1%
Sterling Sharpe
44.8%
% Correct
Joe Horn
42.5%
Herman Moore
38.6%
Rob Moore
38.5%
Muhsin Muhammad
37%
Mark Clayton
35%
Art Monk
34.2%
Art Monk
34.2%
David Boston
33.7%
Joey Galloway
25.7%
Joey Galloway
25.7%
Joey Galloway
25.7%
John Stallworth
23.3%
Lance Alworth
22.6%
Irving Fryar
22.3%
Irving Fryar
22.3%
Don Maynard
17.3%
Don Maynard
17.3%
Charlie Joiner
14.5%
Charlie Joiner
14.5%
Charlie Joiner
14.5%
Charlie Joiner
14.5%
Stanley Morgan
11.3%
Drew Hill
10.6%
Henry Ellard
8.9%
Tony Martin
8.4%
Elroy Hirsch
6.7%
Mark Carrier
5.5%
Charlie Hennigan
5.4%
Charlie Hennigan
5.4%
Tony Richardson
2.1%
Bill Groman
1.6%
Sam Baker
1.1%
Come Together.
Have Fun.
All Virtual.
We all need to come together. Play Sporcle's virtual live trivia to have fun, connect with people, and get your trivia on. Join a live hosted trivia game for your favorite pub trivia experience done virtually. If a virtual private party is more your thing, go here for details.

You're not logged in!

Compare scores with friends on all Sporcle quizzes.
OR
Log In

Sporcle TV

Today on Sporcle TV


Watch our educational content, quiz creation guides, and fun videos on Sporcle TV.

Show Comments

Extras

Top Quizzes Today


Score Distribution

Paid Content

Your Account Isn't Verified!

In order to create a playlist on Sporcle, you need to verify the email address you used during registration. Go to your Sporcle Settings to finish the process.

Report this User

Report this user for behavior that violates our Community Guidelines.

Details: